000 00545nam a2200193 i 4500
001 75537
003 ES-MaACL
005 20230906172510.0
007 t|
008 040924s1980 fr ||||1| fre d
020 _a2-8011-0309-8
100 1 _aGrevisse, Maurice.
_959962
245 1 0 _aNouvelle grammaire française /
_cMaurice Grevisse, André Goosse.
260 _aParis ;
_aGembloux :
_bDuculot,
_c1980.
300 _a352 p. ;
_c24 cm.
500 _aIndices.
700 1 _aGoosse, André.
_959124
852 _aES-MaACL
_jL-10260
_bR.112162
999 _c75537
_d75537